| 000 | 00416nam a2200169Ia 4500 | ||
|---|---|---|---|
| 008 | 180921t2016 xxu||||| |||| 00| 1 sin d | ||
| 041 | _asin | ||
| 080 |
_aX8C31 _bKAR |
||
| 100 | _aKarunarathna, A.M. | ||
| 245 | _aඇදුරු වත | ||
| 246 | _aAeduru Watha | ||
| 260 |
_bFast Publishing _aColombo _c2016 |
||
| 300 | _a280p., 21cm | ||
| 942 | _cBK | ||
| 999 |
_c7159 _d7159 |
||
| 003 | LK-CoDNM | ||
| 040 |
_aLK-CoDNM _dLK-CoDNM _eLK-CoDNM |
||